Adecuaciones curriculares para niños y niñas con discapacidad visual-ceguera y baja visión

Furkejuvvon:
Bibliográfalaš dieđut
Searvvušdahkki: Ministerio de Educación (Dahkki)
Materiálatiipa: Girji
Giella:espánnjágiella
Almmustuhtton: Santiago Ministerio de Educación 2000
Ráidu:Programa de Educación Especial
Fáttát:
Fáddágilkorat: Lasit fáddágilkoriid
Eai fáddágilkorat, Lasit vuosttaš fáddágilkora!

MARC

LEADER 00000nam a2200000 a 4500
001 UCH5109
003 CL-VaPUC
008 090924e20000000CL |||||||||||||||||spa|d
082 0 4 |a 371.911  |b MIN  |2 21 
110 2 |a Ministerio de Educación  |e author  |9 541271 
245 1 0 |a Adecuaciones curriculares para niños y niñas con discapacidad visual-ceguera y baja visión 
300 |a 118 p 
942 |c BK 
945 |d 20090924 00:00:00  |a rbrito 
260 |a Santiago  |b Ministerio de Educación  |c 2000 
500 |a Proyecto CIDI-OEA 
650 0 |a Educación especial  |9 307486 
650 7 |a NIÑOS CIEGOS  |2 CL-VaPUC  |9 419273 
650 7 |a CEGUERA  |2 CL-VaPUC  |9 310294 
650 7 |a NIÑOS IMPEDIDOS FISICAMENTE  |2 CL-VaPUC  |9 308354 
650 0 |a Educación básica   |9 224933 
650 0 |a Currículo  |9 307290 
583 |a last modification  |c 20090924 00:00:00  |k Rodrigo Vera 
490 0 |a Programa de Educación Especial 
999 |c 336311  |d 336309 
952 |0 0  |1 0  |4 0  |6 371_911000000000000_MIN_2000  |7 0  |8 P  |9 427452  |a BIBEDU  |b BIBEDU  |c BIBEDU_PB  |d 2019-11-22  |i 460279K  |o 371.911 MIN 2000  |p 460279K  |r 2024-01-25  |w 2019-11-22  |y BK  |k EDU 
952 |0 0  |1 0  |4 0  |6 371_911000000000000_MIN_2000  |7 0  |8 P  |9 427453  |a BIBEDU  |b BIBEDU  |c BIBEDU_PB  |d 2019-11-22  |i 4637976  |o 371.911 MIN 2000  |p 4637976  |r 2024-01-25  |w 2019-11-22  |y BK  |k EDI